Sports Quiz

Random Sports or Football Quiz

NFL Quarterbacks: 100 Starts, One Team Quiz Stats

 Plays Quiz Updated Feb 5, 2021

Support Sporcle.
Go Orange.
Score 0/32 Timer 04:00
0 Plays Today
Team Quarterback(s) % Correct
BuccaneersNone
99.9%
TexansNone
99.8%
RaidersDerek Carr (110)
96.7%
SaintsDrew Brees (228), Archie Manning (129)
96.1%
ColtsPeyton Manning (208), Johnny Unitas (182)
96.1%
GiantsEli Manning (234), Phil Simms (159), Charlie Conerly (105)
96%
49ersJohn Brodie (159), Joe Montana (139), Steve Young (124)
95.1%
PatriotsTom Brady (283), Steve Grogan (135), Drew Bledsoe (123)
94.7%
PackersBrett Favre (253), Aaron Rodgers (190), Bart Starr (157), Lynn Dickey (101)
93.7%
PanthersCam Newton (124)
91.2%
CowboysTroy Aikman (165), Tony Romo (127), Roger Staubach (114)
89.6%
ChargersPhilip Rivers (224), Dan Fouts (171), John Hadl (122)
88.5%
BroncosJohn Elway (231)
87.5%
SteelersBen Roethlisberger (231), Terry Bradshaw (158)
87.1%
DolphinsDan Marino (240), Bob Griese (151)
86.7%
EaglesDonovan McNabb (142), Ron Jaworski (137), Randall Cunningham (107)
83.8%
Team Quarterback(s) % Correct
RavensJoe Flacco (163)
83.7%
FalconsMatt Ryan (205), Steve Bartkowski (121)
82.7%
LionsMatthew Stafford (165)
80.7%
BillsJoe Ferguson (163), Jim Kelly (160)
78.6%
Titans/OilersWarren Moon (139), Steve McNair (131), Dan Pastorini (107)
77.1%
BengalsKen Anderson (172), Andy Dalton (133), Boomer Esiason (123)
75.7%
SeahawksRussell Wilson (144), Matt Hasselbeck (131), Dave Krieg (119), Jim Zorn (100)
73.7%
BearsJay Cutler (102)
71.6%
JetsJoe Namath (125), Ken O'Brien (106)
71.1%
VikingsFran Tarkenton (170), Tommy Kramer (110)
54.8%
BrownsOtto Graham (114), Brian Sipe (112), Bernie Kosar (105)
52.9%
JaguarsMark Brunell (117)
50.2%
Washington Football TeamJoe Theismann (124), Sonny Jurgensen (108)
49%
ChiefsLen Dawson (158)
41.9%
RamsRoman Gabriel (119), Jim Everett (105)
30.9%
CardinalsJim Hart (180), Neil Lomax (101)
27%

You're not logged in!

Compare scores with friends on all Sporcle quizzes.
OR
Log In

From the Vault

Finding Nemo Typing Challenge

by beforever

You won't need to out-swim any sharks, just type pretty dang fast.
Remove Ads.
Support Sporcle.
Get the best of Sporcle when you Go Orange. This ad-free experience offers more features, more stats, and more fun while also helping to support Sporcle. Thank you for becoming a member.

Show Comments

Extras

Top Quizzes Today


Score Distribution

Your Account Isn't Verified!

In order to create a playlist on Sporcle, you need to verify the email address you used during registration. Go to your Sporcle Settings to finish the process.

Report this User

Report this user for behavior that violates our Community Guidelines.

Details: